| 000 | 00745nab a2200229 a 4500 | ||
|---|---|---|---|
| 005 | 20210223131249.0 | ||
| 008 | 991125s1985 mx 000 0 spa u | ||
| 035 | _aUPN01000175419 | ||
| 222 | _aINFANCIA Y APRENDIZAJE = | ||
| 222 | _bJOURNAL FOR THE STUDY OF EDUCATION AND DEVELOPMENT | ||
| 245 | _aActividad e interacción entre iguales : explorando el mapping como instrumento de observación en aulas de educación infantil | ||
| 260 | _aMadrid, España | ||
| 300 | _a405-420 | ||
| 362 | 0 | _a2009 Vol. 32, no. 3, sept. | |
| 653 | 0 | _aCORDOBA, ESPAÑA | |
| 653 | 0 | _aEDUCACION INFANTIL | |
| 653 | 0 | _aMAPEO INTERACTIVO | |
| 653 | 0 | _aINTERACCION SOCIAL | |
| 700 | 1 |
_aOrtega, Rosario _935007 |
|
| 700 | 1 | _ecoaut. | |
| 905 | _aArticulo | ||
| 999 |
_c147523 _d147523 |
||